Stárnout to je kumšt /

Uložené v:
Podrobná bibliografia
Hlavný autor: Gregor, Ota, 1916-2006 (Author)
Médium: Kniha
Jazyk:Czech
Vydané: Praha : Olympia, 1990
Vydanie:2. vyd.
Edícia:Kondice
Témy:
ISBN: 8070330406 (brož.)
Fyzický popis: 139 s.
Tagy: Pridať tag
Žiadne tagy, Buďte prvý kto otaguje tento záznam!

MARC

LEADER 00000nam a2200000 a 4500
001 000239331
005 20060621151448.0
008 060428s1990 xr e 000 0 czeo
020 |a 8070330406 (brož.) 
040 |a SVKKK  |b slo  |c SVKKK  |e AACR2 
041 0 |a cze 
044 |a xr  |c CZ 
100 1 |a Gregor, Ota,  |d 1916-2006  |4 aut 
245 1 0 |a Stárnout to je kumšt /  |c Ota Gregor 
250 |a 2. vyd. 
260 |a Praha :  |b Olympia,  |c 1990 
300 |a 139 s. 
440 0 |a Kondice 
655 7 |a príručky  |2 SVKKKPH 
910 |a svkkk 
919 |a 80-7033-040-6 
998 |a BK 
090 |g SCKHL  |k Sklad Pribinova 2. posch.  |a II.338288  |j 820093  |i 2720143025  |s Absenčne 
090 |g SCKHL  |k Sklad Pribinova 2. posch.  |a II.338289  |j 820094  |i 2720184493  |s Absenčne